000 00561 a2200181 4500
001 143955
040 _cLeonardo Da Vinci
041 _aPortuguês
082 _aAP540 L564q
_bL564q
100 _aLEMBO, Antônio
_aCARVALHO, Geraldo Camargo de
_aUSBERCO, João
245 _aQuímica 2
_blivro-texto
250 _aLT
260 _bAnglo
_c2002
_aSão Paulo
300 _a248
362 _a20100322
697 _aEstudo das soluções
_aTermoquimica
_aCinética química
_aEquilíbrio químico
_aEletroquimica
_aQuímica orgânica
_aEnsino Médio
_aLT
942 _cBK
999 _c143955
_d143955